| 000 | 00707nam a2200217Ia 4500 | ||
|---|---|---|---|
| 008 | 140321s9999 xx 000 0 und d | ||
| 020 | _a9789814352840 | ||
| 050 |
_aHD 30.28 _b.M644 2012 |
||
| 100 | _aMonk, Ellen F. | ||
| 245 |
_aConcepts in enterprise resource planning / _cEllen F. Monk and Bret J. Wagner. |
||
| 250 | _a3rd ed. | ||
| 260 |
_aPhilippines : _bCengage Learning, _cc2012. |
||
| 300 |
_a550 p. : _bill. ; _c23 cm. |
||
| 500 | _aIncludes bibliographical references and index. | ||
| 521 | _aBSBA | ||
| 650 |
_aBusiness enterprises _xComputer networks --Management. |
||
| 650 | _aBusiness planning. | ||
| 650 | _aInformation resource management. | ||
| 942 |
_kLOC _cBK |
||
| 999 |
_c48426 _d48426 |
||